Alle Länder des Portugiesischen Kolonialreichs - Statistiken

Allgemein
  • Dieses Quiz wurde 32 mal gespielt
  • Das Durchschnittsergebnis liegt bei 9 aus 12
Antworten auf der Karte
Die Antworten werden auf der Karte rot bzw. grün angezeigt, abhängig davon wie oft sie richtig erraten wurden.
 
Antwortstatistiken
Land % Korrekt
Brasilien
100%
Portugal
93%
Kap Verde
90%
Uruguay
90%
Angola
80%
Mosambik
80%
São Tomé und Príncipe
77%
China (Macau)
67%
Malawi
63%
Indien
60%
Guinea-Bissau
57%
Osttimor
47%
Keine übereinstimmenden Quizze gefunden
Verteilung der Resultate
Anzahl Personen mit jedem Resultat
Perzentil nach korrekt beantworteten Fragen
Ihre Resultats-Entwicklung
Sie haben dieses Quiz noch nicht gespielt